Central Library OPAC University of Rajshahi

Bayesian decision problems and Markov chains / (Record no. 70271)

MARC details
000 -LEADER
fixed length control field 00791nam a2200241 a 4500
001 - CONTROL NUMBER
control field 70271
003 - CONTROL NUMBER IDENTIFIER
rucl marc code BD-RjUL
005 - DATE AND TIME OF LATEST TRANSACTION
control field 20211209082000.0
008 - FIXED-LENGTH DATA ELEMENTS--GENERAL INFORMATION
fixed length control field 170417s1967 nyua b 001 0 eng
035 ## - SYSTEM CONTROL NUMBER
System control number (BD-RjUL)70485
040 ## - CATALOGING SOURCE
Original cataloging agency DLC
Transcribing agency DLC
Modifying agency UKM
-- ZCU
-- BD-RjUL
Language of cataloging eng
041 ## - LANGUAGE CODE
Language code of text/sound track or separate title eng
082 00 - DEWEY DECIMAL CLASSIFICATION NUMBER
Edition number 23
Classification number 519.233
Author mark and year MAB 1967
100 1# - MAIN ENTRY--PERSONAL NAME
Personal name Martin, J. J.
Fuller form of name (James John)
9 (RLIN) 208106
245 10 - TITLE STATEMENT
Title Bayesian decision problems and Markov chains /
Statement of responsibility, etc. J. J. Martin.
260 ## - PUBLICATION, DISTRIBUTION, ETC. (IMPRINT)
Place of publication, distribution, etc. New York :
Name of publisher, distributor, etc. John and Wiley Sons,
Date of publication, distribution, etc. 1967
300 ## - PHYSICAL DESCRIPTION
Pagination xii, 202 p. :
Illustrations ill. ;
Size 24 cm.
490 1# - SERIES STATEMENT
Series statement Publications in operations research ;
Volume/sequential designation no. 13
504 ## - BIBLIOGRAPHY, ETC. NOTE
Bibliography, etc Includes Bibliography and index
650 #0 - SUBJECT ADDED ENTRY--TOPICAL TERM
Topical term or geographic name as entry element Markov processes.
9 (RLIN) 208107
830 #0 - SERIES ADDED ENTRY--UNIFORM TITLE
Uniform title Publications in operations research ;
Volume number/sequential designation no. 13.
942 ## - ADDED ENTRY ELEMENTS (KOHA)
Source of classification or shelving scheme Dewey Decimal Classification
Koha item type Books
Holdings
Lost status Source of classification or shelving scheme Damaged status Not for loan Collection code Permanent Location Current Location Shelving location Date acquired Source of acquisition Cost, normal purchase price Total Checkouts Full call number Date last seen Copy number Koha item type
  Dewey Decimal Classification   Not For Loan Non-fiction Central Library, University of Rajshahi Central Library, University of Rajshahi Reading Room 30/06/1996 Karim International 0.00   519.233 MAB 1967 17/04/2017 C-1 Books
  Dewey Decimal Classification     Non-fiction Central Library, University of Rajshahi Central Library, University of Rajshahi   30/06/1996 Karim International 0.00   519.233 MAB 1967 17/04/2017 C-2 Books